000 00878nam a2200205 i 4500
001 110823
003 ES-MaACL
005 20260127062536.0
008 070131s1931 sp |||| | spa d
100 1 _aLópez Sánchez, Antonio.
_973953
245 1 0 _aEstudio económico de Suiza
_b: lección inaugural del curso de 1931-32 : pronunciada el día 7 de noviembre de 1931 /
_cpor Antonio López Sánchez.
260 _aMadrid :
_b[s.n.],
_c1931 (
_fImp. A. M. Crespo)
300 _a32 p. ;
_c18 cm.
490 1 _aPublicaciones de la Real Academia de Jurisprudencia y Legislación ;
_v83
651 4 _aSuiza-
_xSituación económica.
_9160693
700 _aReal Academia de Jurisprudencia y Legislación de España
_9217612
830 0 _aPublicaciones de la Real Academia de Jurisprudencia y Legislación ;
_v83
_9180630
852 _aES-MaACL
_jL-5247
999 _c110823
_d110823